000 00780nam a2200253Ia 4500
003 OSt
005 20220928130014.0
006 a|||||r|||| 00| 0
007 ta
008 220927b |||||||| |||| 00| 0 eng d
024 _a32099
037 _cTextual
040 _aSDCL
_cSDCL
_beng
041 _2eng
_aeng
082 _aX:991.73'N7, L7
100 _aMasters Stanley
_9472477
245 0 _aEstimating the labor supply effects of income- maintenance alternatives
260 _aNew York
_b Academic Press
_c1977
300 _axx,289p
_ccm.
490 _aInstitute for research on poverty monograph series
700 _a Garfinkel Irwin
_9472478
942 _hX:991.73'N7, L7
_cTEXL
_2CC
999 _c785057
_d785057